LDR 00940naa#a2200193#i#450# 001 RU\INFRA-M\bibl\103668 005 20260629055101.1 011 ## _a2305-7807 100 ## _a20250625b2025####ek#y0rusy0150####ca 102 ## _aRU 200 1# _aСОЦИАЛЬНО-ПСИХОЛОГИЧЕСКИЕ ДЕТЕРМИНАНТЫ РЕАБИЛИТАЦИИ ИНВАЛИДОВ БОЕВЫХ ДЕЙСТВИЙ _eЖурнальная статья 210 1# _aМосква _cОбщество с ограниченной ответственностью «Научно-издательский центр ИНФРА-М» _d2025 215 ## _a6 с. 608 ## _aЖурнальная статья _2local 675 ## _aНародное образование. Воспитание. Обучение. Организация досуга. 37 _z 700 #1 _aБорозинец _gН. М. 700 #1 _aДарган _gА. А. 700 #1 _aСальникова _gО. Д. 856 4# _anaukaru.ru _u